01062nam a22001097a 4500008004100000100001900041245011300060260004600173300003200219520065500251773004600906260213b ||||| |||| 00| 0 eng d aMukhia, Anmol  aConnectivity through a small corridor: New integrated check post in Assam to assist India–Bhutan relations aIndian Journal of Public Administration  b71(4), Dec, 2025: p.846-848 aIndian Journal of Public AdministrationAnalysis of democracy in India becomes meaningful when it is seen from an election perspective, as it reflects the degree of trust of the electorate in a particular form of leadership, governance and political philosophy amidst an array of choices in a multiparty representative parliamentary system. Presently, given the debate over Special Intensive Review (SIR) outlined by the Election Commission of India (ECI) for the entire country, it is important to explore the structure and agency involved in this complex overlapping relationship between election and democracy in contemporary India.- Reproduced  aIndian Journal of Public Administration